000 01045cab a2200253 4500
001 WB2934-22
008 090401t1993 xxu||||| |||| 00| 0 eng d
035 _a(Sirsi) u25068
041 _aeng
245 _aAcceptance of rent
260 _c1993
350 _a0
490 _aEstates Gazette
_v(9336) 11 September 1993, 132(1)
520 _aDiscusses "John Lewis Properties plc v Viscount Chelsea" (1993), in which the tenants claimed that their breach of contract to redevelop part of the site was excusable because the existing building on the site was listed after the terms of the lease were agreed. Another issue was whether the landlord had accepted rent when cheques were credited to the landlord`s account even though the rent was repaid to the tenants.
650 _aACCEPTANCE OF RENT
650 _aBREACH OF CONTRACT
650 _aDEMOLITION
650 _aFORFEITURE
650 _aLISTED BUILDINGS
650 _aREDEVELOPMENT
690 _aLANDLORD AND TENANT-BUSINESS TENANCIES
942 _n0
948 _c04/03/1997
999 _c16814
_d16814